01416nam a22002537a 4500999001900000005001700019010002400036020002200060035005300082037000800135082001700143100001900160245005100179260003300230270008500263300002100348942002500369952012800394952013200522952013200654952011700786952011700903952014201020 c137562d13756220181117105207.0 aB-218607 B-218624 a8183820069c95.00 aB-218607, B-218596,B-218597 B-218624 B-218626 bDPL 22006a615.52 aHanda, Parvesh aAyurveda For Health And Beauty/cParvesh Handa aNew DelhibLotus Pressc2006 a4263/3,Ansari Road,Darya GanjbNew Delhie110002k30903912mlotus_press@sify.com a144P.c22c.m(HB) 2ddccENh615.52mHAN 0010407-18NFICaZLSbZLSd2017-02-13eDPLg95.00l0o615.52 HANpB-218607r2017-02-13 00:00:00t1v95.00w2017-02-13yEN 001040708NFICaBL1bBL1d2018-07-04eBPPD/Pubg95.00l0o615.52 HANpB-218596r2018-07-04 00:00:00t1v95.00w2018-07-04yEN 001040708NFICaKGMbKGMd2018-10-11eBPPD/PUBg95.00l0o615.52 HANpB-218597r2018-10-11 00:00:00t1v95.00w2018-10-11yEN 001040708NFICaRCbRCd2018-11-16g95.00l0o615.52 HANpB-218624r2018-11-16 00:00:00v95.00w2018-11-16yEN 001040708NFICaRCbRCd2018-11-17g95.00l0o615.52 HANpB-218626r2018-11-17 00:00:00v95.00w2018-11-17yEN 001040708NFICaYVbYVd2019-07-11eBPPD/PUBg95.00l3o615.52 HANpB-218619r2026-04-22 12:04:15s2026-04-04t1v95.00w2019-07-11yEN